Datum a čas kvízu
25.5
Celkem bodů
Celkový počet nahraných bodů na tomto kvízu bez doplňovacích otázek.
12.
Pořadí na kvízu
Konečné umístění týmu na tomto kvízu.
Zaznamenané odpovědi
| # | Otázka | Odpověď | Body | Výsledky |
|---|---|---|---|---|
| 1. | Premiér Petr Fiala začal natáč... | z Kramářovy vily | 0 | |
| 2. | Až do pozdní noci se v pondělí... | nezvykle dlouhý stůl | 1 | |
| 3. | Ve čtvrtek začal již 72. roční... | Berlinale | 1 | |
| 4. | Jeden muž se minulý týden vrát... | Mirek Topolánek | 0 | |
| 5. | NBA zaznamenala minulý týden n... | James Harden | 0 | |
| 6. | Začneme jedním ze základních k... | H = hard (tvrdý), B = black (černý) | 0.5 | |
| 7. | Pokud byste se chtěli naučit k... | pravou mozkovou hemisférou | 0 | |
| 8. | Který španělský malíř žijící v... | Francisco Goya | 0 | |
| 9. | Vedle klasických pastelek, jak... | akvarelové | 1 | |
| 10. | Firma Koh-i-noor Hardtmuth je... | v Českých Budějovicích | 0 |